Modelling the Process of Green Public Procurement
Informácia o metodike ekologického verejného obstarávania tovaru a službieb, založených na jeho konektivite s celosvetovo štandardizovanými ukazovateľmi udržateľnosti sociálno-ekonomickeho rozvoja.
Salvato in:
| Autore principale: | |
|---|---|
| Altri autori: | , , |
| Natura: | Capitolo di libro |
| Lingua: | inglese |
| Soggetti: | |
| Tags: |
Nessun Tag, puoi essere il primo ad aggiungerne!!
|
MARC
| LEADER | 00000naa a2200000 4500 | ||
|---|---|---|---|
| 001 | 0235210 | ||
| 005 | 20250424100105.6 | ||
| 041 | 0 | |a eng | |
| 044 | |a RS | ||
| 245 | 1 | 0 | |a Modelling the Process of Green Public Procurement |c Milan Majerník, Naqibullah Daneshjo, Jana Chovancová, Gabriela Sančiová |
| 520 | |a Informácia o metodike ekologického verejného obstarávania tovaru a službieb, založených na jeho konektivite s celosvetovo štandardizovanými ukazovateľmi udržateľnosti sociálno-ekonomickeho rozvoja. | ||
| 610 | 2 | 0 | |a obstarávanie verejné |
| 610 | 2 | 0 | |a obstarávanie verejné zelené |
| 610 | 2 | 0 | |a tovar |
| 610 | 2 | 0 | |a služby |
| 610 | 2 | 0 | |a rozvoj trvalo udržateľný |
| 610 | 2 | 0 | |a politika environmentálna |
| 100 | 1 | |a Majerník, Milan, 1952- | |
| 700 | 1 | |a Daneshjo, Naqibullah, 1964- | |
| 700 | 1 | |a Chovancová, Jana | |
| 700 | 1 | |a Sančiová, Gabriela, 1991- | |